From Vienna to Versailles / (Record no. 19414)

MARC details
000 -LEADER
fixed length control field 01032pam a2200301 a 4500
001 - CONTROL NUMBER
control field 480925
003 - CONTROL NUMBER IDENTIFIER
control field BDDh-ASL
005 - DATE AND TIME OF LATEST TRANSACTION
control field 20231015025759.0
008 - FIXED-LENGTH DATA ELEMENTS--GENERAL INFORMATION
fixed length control field 850102r19851976ctub b 001 0 eng
010 ## - LIBRARY OF CONGRESS CONTROL NUMBER
LC control number 84029038
020 ## - INTERNATIONAL STANDARD BOOK NUMBER
International Standard Book Number 0313248419 (lib. bdg.)
040 ## - CATALOGING SOURCE
Original cataloging agency DLC
Transcribing agency DLC
Modifying agency BDDh-ASL
043 ## - GEOGRAPHIC AREA CODE
Geographic area code e------
050 00 - LIBRARY OF CONGRESS CALL NUMBER
Classification number D363
Item number .S4 1985
082 00 - DEWEY DECIMAL CLASSIFICATION NUMBER
Classification number 940.28
Edition number 19
Item number SEF
100 1# - MAIN ENTRY--PERSONAL NAME
Personal name Seaman, L. C. B.
Fuller form of name (Lewis Charles Bernard)
245 10 - TITLE STATEMENT
Title From Vienna to Versailles /
Statement of responsibility, etc. by L.C.B. Seaman.
260 ## - PUBLICATION, DISTRIBUTION, ETC.
Place of publication, distribution, etc. Westport, Conn. :
Name of publisher, distributor, etc. Greenwood Press,
Date of publication, distribution, etc. 1985.
-- 1976.
300 ## - PHYSICAL DESCRIPTION
Extent xii, 216 p. :
Other physical details maps ;
Dimensions 23 cm.
500 ## - GENERAL NOTE
General note Reprint. Originally published: London : Methuen, 1955.
504 ## - BIBLIOGRAPHY, ETC. NOTE
Bibliography, etc. note Includes bibliographies and index.
651 #0 - SUBJECT ADDED ENTRY--GEOGRAPHIC NAME
Geographic name Europe
General subdivision Foreign relations
Chronological subdivision 1815-1871.
651 #0 - SUBJECT ADDED ENTRY--GEOGRAPHIC NAME
Geographic name Europe
General subdivision Foreign relations
Chronological subdivision 1871-1918.
651 #0 - SUBJECT ADDED ENTRY--GEOGRAPHIC NAME
Geographic name Europe
General subdivision Politics and government
Chronological subdivision 1815-1871.
651 #0 - SUBJECT ADDED ENTRY--GEOGRAPHIC NAME
Geographic name Europe
General subdivision Politics and government
Chronological subdivision 1871-1918.
906 ## - LOCAL DATA ELEMENT F, LDF (RLIN)
a 7
b cbc
c orignew
d 1
e ocip
f 19
g y-gencatlg
942 ## - ADDED ENTRY ELEMENTS (KOHA)
Source of classification or shelving scheme Dewey Decimal Classification
Koha item type Books
Holdings
Withdrawn status Lost status Source of classification or shelving scheme Damaged status Not for loan Collection code Home library Current library Shelving location Date acquired Source of acquisition Total Checkouts Full call number Barcode Date last seen Copy number Price effective from Koha item type
    Dewey Decimal Classification     Non-fiction Asiatic Society Library Asiatic Society Library Sirajul Islam Collection 11/28/2020 Donated by Professor Sirajul Islam, FRHS   940.28 SEF 102743 11/28/2020 C-1 11/28/2020 Books

Powered by Koha